| 000 | 00925nam a22002177a 4500 | ||
|---|---|---|---|
| 003 | OSt | ||
| 005 | 20260316062951.0 | ||
| 008 | 260316b |||||||| |||| 00| 0 eng d | ||
| 020 | _a978-9715184908 | ||
| 040 |
_aDWCL GS lib _cOC |
||
| 082 | _aD548t 2011 | ||
| 100 | _aCHARLES DICKENS | ||
| 245 |
_aA tale of two cities _cCHARLES DICKENS |
||
| 260 |
_aManila _bLampara Publishing House Inc _c2011 |
||
| 300 |
_a128 p _bcolor illustreations _c20 cm |
||
| 520 | _aIt follows Dr. Alexandre Manetteās release after 18 years in the Bastille, his reunion with daughter Lucie, and the sacrifice of Sydney Carton, who dies at the guillotine to save Lucie's husband, Charles Darnay. | ||
| 650 | _a It contrasts the relative peace of London with the volatile violence of Paris | ||
| 650 | _aself-sacrificial love and redemption can overcome despair, hatred, and social chaos. | ||
| 700 | _aCHARLES DICKENS | ||
| 942 |
_2ddc _cFIC. _n0 |
||
| 999 |
_c9149 _d9149 |
||